Catalog

Record Details

Catalog Search



Odvaha k modlitbě = = Mut zum Gebet Cover Image Book Book

Odvaha k modlitbě = = Mut zum Gebet Friedhold Vogel ; překlad Petr Bartels

Vogel, Friedhold (Author).

Record details

  • Physical Description: 47 s.
  • Edition: 1. vyd.
  • Publisher: Praha Evangelická církev metodistická 1990

Available copies

  • 1 of 1 copy available at Common Catalog SPOK.

Holds

  • 0 current holds with 1 total copy.
Show Only Available Copies
Location Call Number / Copy Notes Barcode Shelving Location Status Due Date
ETS Library 248.32 424470006170 Volný výběr Available -

LDR 00675nam a2 00241
00138957
003CZ-PrJAB
00520031202000000.0
008031202s1990 xr e |||| |cze
009cz
035 . ‡a(CONS)6693
035 . ‡aKPS12040
040 . ‡aABG450
041 . ‡acze
08214. ‡a248.32
100 . ‡74141 ‡aVogel, Friedhold
245 . ‡aOdvaha k modlitbě = ‡b= Mut zum Gebet ‡cFriedhold Vogel ; překlad Petr Bartels
250 . ‡a1. vyd.
260 . ‡aPraha ‡bEvangelická církev metodistická ‡c1990
300 . ‡a47 s.
653 . ‡aOdvaha k modlitbě ‡aMut zum Gebet
8524 . ‡bETS ‡bETS ‡cVolný výběr ‡j248.32 ‡gA ‡p424470006170
910 . ‡aABG450
999 . ‡a6693 ‡bAUTOGEN ‡c6693 ‡tbiblio
905 . ‡uadmin
901 . ‡a38957 ‡b ‡c38957 ‡tbiblio ‡sets

Additional Resources